000 00615nam a2200217Ia 4500
005 20250508165103.0
008 008 250505s9999 xx 000 0 eng d
020 _a92-3-102679-8
037 _aTextual
040 _aFEDL
_beng
_cFEDL
041 _aeng
_2eng
084 _a954, CHA
_qFEDL
100 _aChatterjee N N
245 0 _aNehru's thoughts on national topics
260 _aNew Delhi, India
_bPublication Division,Ministry of Information and Broadcasting
_c1988
300 _avi,98p.
365 _aINR
_b4
546 _aMACESE
942 _cTEXL
_h954, CHA
999 _c1393081
_d1393081